000 00666nas a2200229 4500
001 BR8703453
003 BR-BrBNA
005 20231205090658.0
007 ta
008 230509b bl.|||p| |||| 00| 00por d
040 _aBR-BrBNA
_bpor
_cBiblioteca Nacional de Agricultura
041 _a(Pt)
072 _aL02
110 1 _aInstituto Estadual de Saude Animal, Belo Horizonte, MG (Brasil)
_96338
245 1 _aA importancia da agua para suinos
650 _aSUÍNO
650 _aAGUA
650 _aNUTRICAO ANIMAL
773 0 _tIESACAO (Brazil)
_x
_g(May-Jun 1982), (no. 18) p. 4
_wBR8703453
909 _a202311
_bLúcia
_c55
_dLúcia Elande
942 _2AGRIS
_n0
_cANA
999 _c120203
_d120203